MARC Record
Leader
003
BE-GnUNI
007
't'u
035
a| (MSK)314001234
084
a| II.A.6
245
0
0
a| Heraklith Rundschau = Revue héraclite.
546
a| Duits
546
a| Frans
500
a| Tijdschriften
852
4
b| MSK
c| MSK
j| II.A.6
920
a| tijdschrift
001
000045349
005
20241224121706.0